<?xml version="1.0" encoding="UTF-8"?>
<record
    xmlns:xsi="http://www.w3.org/2001/XMLSchema-instance"
    xsi:schemaLocation="http://www.loc.gov/MARC21/slim http://www.loc.gov/standards/marcxml/schema/MARC21slim.xsd"
    xmlns="http://www.loc.gov/MARC21/slim">

  <leader>00487nam a22001817a 4500</leader>
  <controlfield tag="003">SEM</controlfield>
  <datafield tag="999" ind1=" " ind2=" ">
    <subfield code="c">71001</subfield>
    <subfield code="d">71001</subfield>
  </datafield>
  <controlfield tag="005">20220608074720.0</controlfield>
  <controlfield tag="008">201026b           ||||| |||| 00| 0 fr d</controlfield>
  <datafield tag="020" ind1=" " ind2=" ">
    <subfield code="a">3716505064</subfield>
  </datafield>
  <datafield tag="040" ind1=" " ind2=" ">
    <subfield code="a">SEM</subfield>
    <subfield code="c">SEM</subfield>
  </datafield>
  <datafield tag="041" ind1=" " ind2=" ">
    <subfield code="a">fr.</subfield>
  </datafield>
  <datafield tag="080" ind1=" " ind2=" ">
    <subfield code="a">069.2(49.442)/I-33</subfield>
  </datafield>
  <datafield tag="245" ind1=" " ind2=" ">
    <subfield code="a">Les icones du Mus&#xE9;e d'Art et d'Histoire Gen&#xE8;ve. /</subfield>
  </datafield>
  <datafield tag="260" ind1=" " ind2=" ">
    <subfield code="a">Berne:</subfield>
    <subfield code="b">Benteli,</subfield>
    <subfield code="c">1985.</subfield>
  </datafield>
  <datafield tag="300" ind1=" " ind2=" ">
    <subfield code="a">59p.;</subfield>
    <subfield code="b">ill.;</subfield>
    <subfield code="c">25 cm</subfield>
  </datafield>
  <datafield tag="650" ind1=" " ind2=" ">
    <subfield code="a">Mus&#xE9;e </subfield>
    <subfield code="x">d'Art</subfield>
    <subfield code="x">d'Histoire</subfield>
    <subfield code="x">icones</subfield>
    <subfield code="z">Gen&#xE8;ve</subfield>
  </datafield>
  <datafield tag="942" ind1=" " ind2=" ">
    <subfield code="2">udc</subfield>
    <subfield code="c">BK</subfield>
  </datafield>
  <datafield tag="952" ind1=" " ind2=" ">
    <subfield code="0">0</subfield>
    <subfield code="1">0</subfield>
    <subfield code="2">udc</subfield>
    <subfield code="4">0</subfield>
    <subfield code="7">0</subfield>
    <subfield code="8">&#x533;&#x580;&#x561;&#x57A;&#x561;&#x570;&#x578;&#x581;</subfield>
    <subfield code="a">SEM</subfield>
    <subfield code="b">SEM</subfield>
    <subfield code="d">2020-10-26</subfield>
    <subfield code="g">300.00</subfield>
    <subfield code="i">Fr-2961</subfield>
    <subfield code="l">0</subfield>
    <subfield code="o">069.2(49.442)/I-33</subfield>
    <subfield code="p">Fr-2961</subfield>
    <subfield code="r">2020-10-26</subfield>
    <subfield code="w">2020-10-26</subfield>
    <subfield code="y">BK</subfield>
    <subfield code="z">&#x54D;&#x57A;&#x561;&#x57D;&#x561;&#x580;&#x56F;&#x57E;&#x578;&#x582;&#x574; &#x567; &#x568;&#x576;&#x569;&#x565;&#x580;&#x581;&#x561;&#x57D;&#x580;&#x561;&#x570;</subfield>
  </datafield>
</record>
